| 000 | 00942nam a22002177a 4500 | ||
|---|---|---|---|
| 005 | 20171129122232.0 | ||
| 010 | _aUR-9871 | ||
| 020 | 6 | _c55.00 | |
| 035 | _aU-8426 | ||
| 037 | _bDBAD/PUB | ||
| 082 | _a270.54 | ||
| 100 | _aسید جلا ل ا لد ین عمر ی | ||
| 245 |
_aا سلا م ا نسا نی حقو ق کا پا سبا ن _cسید جلا ل ا لد ین عمر ی |
||
| 246 |
_b _aIslam Insani Huqooq Ka Pasban |
||
| 250 | _aby Sayyid Jalaluddin Umari | ||
| 260 |
_a نئی د لی _bMerkazi Maktaba Islami Publishers _c2008 |
||
| 270 |
_aD307,Dawat Nagar,Abul Fazal Enclave,Jamia Nagar , _b New Delhi _e110025 _k01126971652 _l- |
||
| 300 |
_a172ص _c22 Cm.(B.b) |
||
| 500 | _aدو حصہ | ||
| 942 |
_2ddc _cUR _h270.54 _mس ی د _e |
||
| 999 |
_c147080 _d147080 |
||